| 000 | 00601nam a22001937a 4500 | ||
|---|---|---|---|
| 005 | 20251108165444.0 | ||
| 008 | 250721s1989 xx 000 0 ara d | ||
| 020 | _a9771471244 | ||
| 082 | 1 | 4 | _aم/216.1/حوى |
| 100 | 1 | _aحوى، سعيد | |
| 245 | 1 | 0 | _aالأساس في السنة و فقهها / |
| 264 | 1 |
_aالقاهره : _bدار السلام للطباعه و النشر و التوزيع، _c1989. |
|
| 300 | _aمج 4. | ||
| 650 | 1 | 7 | _aالإسلام |
| 650 | 1 | 7 | _aالفقه الإسلامي |
| 650 | 1 | 7 | _aأصول الدين الإسلامي |
| 942 |
_2ddc _cREF |
||
| 999 |
_c28340 _d28340 |
||